An investigation into ESP students' perceptions of the role of community language learning on learning motivation: A study in a college of medicine and pharmacy in the Mekong Delta : Master of education. Program: Principles and methods in English language education
Nghiên cứu tìm hiểu nhận thức của sinh viên chuyên ngành Y dược về vai trò của CLL đối với động lực học tập của họ, điều tra những lợi ích và khó khăn mà sinh viên y dược gặp phải khi học tiếng Anh với CLL trong một khóa học anh văn chuy...
Tallennettuna:
| Päätekijä: | |
|---|---|
| Aineistotyyppi: | Kirja |
| Kieli: | Undetermined |
| Julkaistu: |
Cần Thơ
Trường Đại học Cần Thơ
2019
|
| Aiheet: | |
| Tagit: |
Lisää tagi
Ei tageja, Lisää ensimmäinen tagi!
|
| Thư viện lưu trữ: | Trung tâm Học liệu Trường Đại học Cần Thơ |
|---|
| LEADER | 01361nam a2200229Ia 4500 | ||
|---|---|---|---|
| 001 | CTU_232816 | ||
| 008 | 210402s9999 xx 000 0 und d | ||
| 082 | |a 428.00711 | ||
| 082 | |b T527 | ||
| 088 | |a 8140111 | ||
| 100 | |a Nguyễn, Ngọc Thanh Tuyền | ||
| 245 | 3 | |a An investigation into ESP students' perceptions of the role of community language learning on learning motivation: A study in a college of medicine and pharmacy in the Mekong Delta : | |
| 245 | 0 | |b Master of education. Program: Principles and methods in English language education | |
| 245 | 0 | |c Nguyễn Ngọc Thanh Tuyền ; Nguyễn Trung Cang (Cán bộ hướng dẫn) | |
| 260 | |a Cần Thơ | ||
| 260 | |b Trường Đại học Cần Thơ | ||
| 260 | |c 2019 | ||
| 520 | |a Nghiên cứu tìm hiểu nhận thức của sinh viên chuyên ngành Y dược về vai trò của CLL đối với động lực học tập của họ, điều tra những lợi ích và khó khăn mà sinh viên y dược gặp phải khi học tiếng Anh với CLL trong một khóa học anh văn chuyên ngành. | ||
| 650 | |a English language,Tiếng Anh | ||
| 650 | |x Study and teaching (Higher),Dạy và học (Đại học) | ||
| 910 | |b nthai | ||
| 980 | |a Trung tâm Học liệu Trường Đại học Cần Thơ | ||